La entidad amorosa : Busca la belleza escondida en el alma que amas / Salvador Iserte (Registro nro. 32565)
[ vista simple ]
| 000 -LÍDER | |
|---|---|
| Campo fijo de descripción fija | 015530000a22002050004500 |
| 020 ## - NÚMERO INTERNACIONAL NORMALIZADO PARA LIBROS | |
| Número Internacional Normalizado del libro | 84-7228-701-7 |
| 041 0# - CÓDIGO DE IDIOMA | |
| Código de idioma para texto/pista de sonido o título separado | |
| 082 04 - NÚMERO DE CLASIFICACIÓN DECIMAL DEWEY | |
| Número de clasificación | G 173 I78e |
| 001 - NÚMERO DE CONTROL | |
| Campo de control | 1242 |
| 100 1# - ASIENTO PRINCIPAL--NOMBRE PERSONAL | |
| Nombre personal | Iserte Badenas, Salvador (1907-) |
| 245 10 - TÍTULO | |
| Título del Material | La entidad amorosa : Busca la belleza escondida en el alma que amas / Salvador Iserte |
| 260 ## - PUBLICACIÓN, DISTRIBUCIÓN, ETC. (PIE DE IMPRENTA) | |
| Lugar de publicación, distribución, etc. | Terrassa, Barcelona, España : CLIE |
| 300 ## - DESCRIPCIÓN FÍSICA | |
| Extensión | 246 Pag. |
| 336 ## - CONTENT TYPE | |
| Content type term | texto |
| Content type code | txt |
| Source | rdacontent |
| 337 ## - MEDIA TYPE | |
| Source | rdamedia |
| Media type term | sin mediación |
| Media type code | n |
| 338 ## - CARRIER TYPE | |
| Source | rdacarrier |
| Carrier type term | volumen |
| Carrier type code | nc |
| 505 00 - NOTA DE CONTENIDO | |
| Nota de contenido con formato preestablecido | ¿Cómo evitar los matrimonios desgraciados? -- la entidad amorosa -- atención novios (¿puede terminar vuestro noviazgo en una unión imposible?) -- ¿cuál es la unión imposible? -- conflictos sexuales que impiden el matrimonio -- parejas desparejadas -- como evitar los matrimonios desgraciados -- los celos en el noviazgo -- medidas de prevención -- noviazgos prematuros -- antes de que te cases mira lo que haces -- el matrimonio de éxito no se hace el día de la boda, sino durante el noviazgo -- plenitud del amor conyugal -- la fórmula para lograr un matrimonio feliz -- filosofía de la sexualidad -- hacia una teología de la sexualidad -- ética de la sexualidad -- los noventa diamantes del amor verdadero -- funestas consecuencias en la vida de los novios por no tener un ideal para su vida -- los novios modernos oran -- como preparar el camino para crear la entidad amorosa de la pareja -- la meta de la carrera: íla boda! |
| 650 14 - ASIENTO SECUNDARIO DE MATERIA - TERMINO TEMÁTICO | |
| Término temático o nombre geográfico como elemento de entrada | CONSEJERIA MATRIMONIAL \ SEXO EN EL MATRIMONIO \ FAMILIA |
| 942 ## - TIPO DE MATERIAL (KOHA) | |
| Tipo de Item KOHA | Libros General |
| Estado de Material | Estado de Perdido | Estado de Dañado | No para Préstamo | Colección | Tomo | Biblioteca de Origen | Biblioteca Permanente | Fecha de Adquisición | Total de Préstamos | Total de Renovaciones | Signatura Topográfica | Código de Barras | Última vez visto | Última vez Préstado | Ejemplar/Existencia | Fecha de Remplazo | Tipo de Material |
|---|---|---|---|---|---|---|---|---|---|---|---|---|---|---|---|---|---|
| Colección General | Biblioteca FUSBC | Biblioteca FUSBC | 11/10/2004 | 3 | 4 | G 173 I78e | 684 | 12/12/2019 | 06/08/2018 | 1 | 26/01/2016 | Libros General | |||||
| Colección General | Biblioteca FUSBC | Biblioteca FUSBC | 11/10/2004 | G 173 I78e | 687 | 23/07/2025 | 4 | 26/01/2016 | Libros General | ||||||||
| Colección General | Biblioteca FUSBC | Biblioteca FUSBC | 11/10/2004 | 1 | G 173 I78e | 686 | 12/12/2019 | 10/10/2018 | 3 | 26/01/2016 | Libros General | ||||||
| Colección General | Biblioteca FUSBC | Biblioteca FUSBC | 11/10/2004 | G 173 I78e | 685 | 12/12/2019 | 2 | 26/01/2016 | Libros General |
